Score 0/10 Timer 01:00
0 Plays Today
Hint Word % Correct
Once upon a ____TIME
98.9%
Batman accessory?CAPE
98.2%
10 cent coinDIME
97.6%
Hair-infesting insectsLICE
95.7%
Stroke with the tongueLICK
95.2%
Cassette or Scotch, e.g.TAPE
94.8%
BOTTLE TOPSCAPS
94%
Yahtzee piecesDICE
93.9%
DomesticateTAME
91.2%
TO CLOSE AND FASTENLOCK
79.5%

Today's Daily Dose

Remove Ads.
Support Sporcle.
Get the best of Sporcle when you Go Orange. This ad-free experience offers more features, more stats, and more fun while also helping to support Sporcle. Thank you for becoming a member.

You're not logged in!

Compare scores with friends on all Sporcle quizzes.
OR
Log In

Show Comments

Extras

Top Quizzes Today


Score Distribution

Your Account Isn't Verified!

In order to create a playlist on Sporcle, you need to verify the email address you used during registration. Go to your Sporcle Settings to finish the process.

Report this User

Report this user for behavior that violates our Community Guidelines.

Details: